000
00180 a2200097 4500
041
_a
spa
100
_a
Martin Jr, Bill
245
_a
Chica chica bum bum
942
_c
BK
952
_7
1
999
_c
25337
_d
25337